书目信息 |
| 题名: |
神经网络
|
|
| 作者: | 侯媛彬 , 杜京义 , 汪梅 编著 | |
| 分册: | ||
| 出版信息: | 西安 西安电子科技大学出版社 2007.08 |
|
| 页数: | 223页 | |
| 开本: | 26cm | |
| 丛书名: | ||
| 单 册: | ||
| 中图分类: | TP18 | |
| 科图分类: | ||
| 主题词: | 神经网络--shen jing wang luo--高等学校--教材 | |
| 电子资源: | ||
| ISBN: | 978-7-5606-1902-6 | |
| 000 | 01044nam0 2200289 450 | |
| 001 | 012008222854 | |
| 005 | 20080901103858.96 | |
| 010 | @a978-7-5606-1902-6@dCNY26.00 (含光盘) | |
| 010 | @a978-7-900683-78-6@b光盘 | |
| 100 | @a20080901d2007 em y0chiy0120 ea | |
| 101 | 0 | @achi |
| 102 | @aCN@b610000 | |
| 105 | @aa a 000yy | |
| 106 | @ar | |
| 200 | 1 | @a神经网络@Ashen jing wang luo@f侯媛彬, 杜京义, 汪梅编著@Fhou yuan bin,du jing yi,wang mei bian zhu |
| 210 | @a西安@c西安电子科技大学出版社@d2007.08 | |
| 215 | @a223页@c图@d26cm@e光盘1片 | |
| 300 | @a高等学校电子与电气工程自动化专业“十一五”规划教材 | |
| 320 | @a有书目 (第221-223页) | |
| 330 | @a本书内容包括:智能控制技术基础、神经网络控制的基本概念、前向神经网络模型及其仿真算法、改进的BP网络训练算法等。 | |
| 606 | 0 | @a神经网络@Ashen jing wang luo@x高等学校@j教材 |
| 690 | @aTP18@v4 | |
| 701 | 0 | @a侯媛彬@Ahou yuan bin@4编著 |
| 701 | 0 | @a杜京义@Adu jing yi@4编著 |
| 701 | 0 | @a汪梅@Awang mei@4编著 |
| 801 | 0 | @aCN@bQSSK@c20080901 |
| 905 | @b733120-21@dTP18@eH435@f2 | |
| 神经网络/侯媛彬, 杜京义, 汪梅编著.-西安:西安电子科技大学出版社,2007.08 |
| 223页:图;26cm+光盘1片 |
| 高等学校电子与电气工程自动化专业“十一五”规划教材 |
| ISBN 978-7-5606-1902-6:CNY26.00 (含光盘) |
| 本书内容包括:智能控制技术基础、神经网络控制的基本概念、前向神经网络模型及其仿真算法、改进的BP网络训练算法等。 |
| ● |
| 相关链接 |
|
|
|
正题名:神经网络
索取号:TP18/H435
 
预约/预借
| 序号 | 登录号 | 条形码 | 馆藏地/架位号 | 状态 | 备注 |
| 1 | 733120 | 207331207 | 自科库301/301自科库 101排8列6层/ [索取号:TP18/H435] | 在馆 | |
| 2 | 733121 | 207331216 | 自科库301/301自科库 101排8列6层/ [索取号:TP18/H435] | 在馆 |